000 00337nam a22001457a 4500
003 SGT
020 _a9789388548786
082 _a363.25
_bSHA
100 _aSHARMA B.R
245 _aFORENSIC SCIENCE CRIMINAL INVESTIGATION AND TRAILS
250 _a6TH
260 _aINDIA
_bUNIVERSAL PUB
_c2020
300 _a1781
942 _2ddc
_cBK
999 _c34719
_d34719